[Event "Budapest FS08 IM-A"]
[Site "Budapest"]
[Date "2000.08.05"]
[Round "1"]
[White "Lamprecht, Mark"]
[Black "Yu, Mingyuan"]
[Result "1/2-1/2"]
[WhiteElo "2256"]
[BlackElo "2319"]
[PlyCount "58"]
[EventDate "2000.08.05"]
[EventType "tourn"]
[EventRounds "11"]
[EventCountry "HUN"]
[EventCategory "2"]
[SourceTitle "CBM 077 Extra"]
[Source "ChessBase"]
[SourceDate "2000.09.14"]
[SourceVersion "1"]
[SourceVersionDate "2000.09.14"]
[SourceQuality "1"]

1. c4 Nf6 2. Nc3 c5 3. g3 g6 4. Bg2 Bg7 5. e4 Nc6 6. Nge2 d6 7. 0-0 0-0 8. d3 Rb8 9. h3 a6 10. f4 Bd7 11. Be3 b5 12. Qd2 Qa5 13. Rad1 b4 14. Nd5 Nxd5 15. exd5 Nd4 16. Bxd4 cxd4 17. b3 e6 18. g4 exd5 19. Bxd5 Be6 20. Bxe6 fxe6 21. Ng3 d5 22. Rde1 dxc4 23. dxc4 Qb6 24. Qd3 Rb7 25. Kg2 Rbf7 26. Qe4 a5 27. Qxe6 Qxe6 28. Rxe6 Rxf4 29. Rxf4 Rxf4 1/2-1/2

[Event "Budapest FS07 IM-B"]
[Site "Budapest"]
[Date "2000.07.01"]
[Round "1"]
[White "Yu, Mingyuan"]
[Black "Zalkind, Konstantin"]
[Result "1/2-1/2"]
[WhiteElo "2419"]
[BlackElo "2250"]
[PlyCount "28"]
[EventDate "2000.07.03"]
[EventType "tourn"]
[EventRounds "13"]
[EventCountry "HUN"]
[EventCategory "2"]
[SourceTitle "CBM 077 Extra"]
[Source "ChessBase"]
[SourceDate "2000.09.14"]
[SourceVersion "1"]
[SourceVersionDate "2000.09.14"]
[SourceQuality "1"]

1. d4 d5 2. c4 dxc4 3. Nf3 Nf6 4. e3 Bg4 5. Bxc4 e6 6. Qb3 Bxf3 7. gxf3 Nbd7 8. Nc3 Nb6 9. Be2 Be7 10. Bd2 Qd7 11. Rg1 g6 12. f4 c6 13. a4 Nbd5 14. a5 a6 1/2-1/2

[Event "Budapest FS06 IM-B"]
[Site "Budapest"]
[Date "2000.06.12"]
[Round "10"]
[White "Yu, Mingyuan"]
[Black "Nakamura, Hikaru"]
[Result "1/2-1/2"]
[WhiteElo "2419"]
[BlackElo "2261"]
[PlyCount "48"]
[EventDate "2000.06.03"]
[EventType "tourn"]
[EventRounds "11"]
[EventCountry "HUN"]
[EventCategory "2"]
[SourceTitle "CBM 076 Extra"]
[Source "ChessBase"]
[SourceDate "2000.07.11"]
[SourceVersion "1"]
[SourceVersionDate "2000.07.11"]
[SourceQuality "1"]

1. d4 Nf6 2. c4 g6 3. Nc3 Bg7 4. e4 d6 5. Nf3 0-0 6. Be2 e5 7. Be3 Ng4 8. Bg5 f6 9. Bc1 Nc6 10. h3 Nh6 11. Be3 Nf7 12. d5 Ne7 13. Nd2 f5 14. f3 c5 15. g4 Bf6 16. Bf2 Bg5 17. Qc2 a6 18. h4 Bf4 19. gxf5 gxf5 20. Bd3 Nh6 21. Ne2 Bxd2+ 22. Qxd2 f4 23. Nc3 Kh8 24. h5 Neg8 1/2-1/2